<?xml version="1.0" encoding="UTF-8"?><?xml-stylesheet type="text/xsl" href="static/style.xsl"?><OAI-PMH xmlns="http://www.openarchives.org/OAI/2.0/" xmlns:xsi="http://www.w3.org/2001/XMLSchema-instance" xsi:schemaLocation="http://www.openarchives.org/OAI/2.0/ http://www.openarchives.org/OAI/2.0/OAI-PMH.xsd"><responseDate>2026-04-17T03:40:57Z</responseDate><request verb="GetRecord" identifier="oai:www.recercat.cat:2072/421943" metadataPrefix="marc">https://recercat.cat/oai/request</request><GetRecord><record><header><identifier>oai:recercat.cat:2072/421943</identifier><datestamp>2024-10-29T16:49:12Z</datestamp><setSpec>com_2072_98</setSpec><setSpec>col_2072_378196</setSpec></header><metadata><record xmlns="http://www.loc.gov/MARC21/slim" xmlns:dcterms="http://purl.org/dc/terms/" xmlns:xsi="http://www.w3.org/2001/XMLSchema-instance" xmlns:doc="http://www.lyncode.com/xoai" xsi:schemaLocation="http://www.loc.gov/MARC21/slim http://www.loc.gov/standards/marcxml/schema/MARC21slim.xsd">
   <leader>00925njm 22002777a 4500</leader>
   <datafield ind2=" " ind1=" " tag="042">
      <subfield code="a">dc</subfield>
   </datafield>
   <datafield ind2=" " ind1=" " tag="720">
      <subfield code="a">Jiménez Sierra, Laura</subfield>
      <subfield code="e">author</subfield>
   </datafield>
   <datafield ind2=" " ind1=" " tag="720">
      <subfield code="a">Universitat Autònoma de Barcelona. Facultat de Ciències de la Comunicació</subfield>
      <subfield code="e">author</subfield>
   </datafield>
   <datafield ind2=" " ind1=" " tag="260">
      <subfield code="c">2015</subfield>
   </datafield>
   <datafield ind2=" " ind1=" " tag="520">
      <subfield code="a">La present recerca "La transformació del model de la televisió local pública de Catalunya: La televisió per internet" analitza el fenomen de les televisions locals públiques per internet a Catalunya. Se n'analitzen els motius de la seva creació i els factors que ho han derivat. El fracàs de la TDT-L i l'evolució de la tecnologia digital i d'internet es mostren com els principals elements en aquest aspecte. El sorgiment de les televisions locals públiques per internet té lloc en els últims anys, d'acord amb el desenvolupament d'internet i de les tecnologies mòbils. Aquests han configurat un panorama general en què el web i els dispositius mòbils han aclaparat els mitjans de comunicació. En aquest sentit, s'investiga com influeixen aquestes característiques i elements generals en la l'oferta que presenten aquests mitjans locals a Internet, i si hi ha diferències. En tant que televisions locals públiques, la recerca posa èmfasi en les missions de servei públic en aquest sector. Es pretén veure quina és l'aplicació que fan aquestes televisions, pel que fa al caràcter municipal i a les característiques de servei públic, plural, divers i participatiu. Amb tot, la recerca presenta tota una sèrie d'elements i de factors concrets que convergeixen en la configuració d'un propi model de televisió.</subfield>
   </datafield>
   <datafield tag="653" ind2=" " ind1=" ">
      <subfield code="a">Televisió local Catalunya</subfield>
   </datafield>
   <datafield tag="653" ind2=" " ind1=" ">
      <subfield code="a">Televisió pública Catalunya</subfield>
   </datafield>
   <datafield tag="653" ind2=" " ind1=" ">
      <subfield code="a">Televisio per Internet Catalunya</subfield>
   </datafield>
   <datafield tag="653" ind2=" " ind1=" ">
      <subfield code="a">Televisió local Catalunya</subfield>
   </datafield>
   <datafield tag="653" ind2=" " ind1=" ">
      <subfield code="a">Televisió pública Catalunya</subfield>
   </datafield>
   <datafield tag="653" ind2=" " ind1=" ">
      <subfield code="a">Televisio per Internet Catalunya</subfield>
   </datafield>
   <datafield tag="653" ind2=" " ind1=" ">
      <subfield code="a">Televisió local Catalunya</subfield>
   </datafield>
   <datafield tag="653" ind2=" " ind1=" ">
      <subfield code="a">Televisió pública Catalunya</subfield>
   </datafield>
   <datafield tag="653" ind2=" " ind1=" ">
      <subfield code="a">Televisio per Internet Catalunya</subfield>
   </datafield>
   <datafield ind2="0" ind1="0" tag="245">
      <subfield code="a">La transformació de la televisió local pública a Catalunya : la televisió per internet</subfield>
   </datafield>
</record></metadata></record></GetRecord></OAI-PMH>